Komparácia podnikateľského prostredia v Českej republike a v Slovenskej republike
Komparácia podmienok podnikania z hľadiska kvality podnikateľského prostredia v Českej republike a v Slovenskej republike v súčasnosti z hľadiska viacerých aspektov pri zohľadnení názorov renomovaných medzinárodných organizácií. World Economic Forum - Svetové ekonomické fórum, World Bank - Svetová b...
Uložené v:
| Hlavný autor: | |
|---|---|
| Médium: | Kapitola |
| Jazyk: | Slovak |
| Predmet: | |
| Tagy: |
Žiadne tagy, Buďte prvý, kto otaguje tento záznam!
|
MARC
| LEADER | 00000nla a2200000 4500 | ||
|---|---|---|---|
| 001 | 0238331 | ||
| 005 | 20240527073903.9 | ||
| 041 | 0 | |a slo | |
| 044 | |a SK | ||
| 245 | 1 | 0 | |a Komparácia podnikateľského prostredia v Českej republike a v Slovenskej republike |c Elena Šúbertová |
| 520 | |a Komparácia podmienok podnikania z hľadiska kvality podnikateľského prostredia v Českej republike a v Slovenskej republike v súčasnosti z hľadiska viacerých aspektov pri zohľadnení názorov renomovaných medzinárodných organizácií. World Economic Forum - Svetové ekonomické fórum, World Bank - Svetová banka. | ||
| 610 | 2 | 0 | |a prostredie podnikateľské |
| 610 | 2 | 0 | |a porovnanie štatistické |
| 610 | 2 | 0 | |a porovnanie medzinárodné |
| 610 | 2 | 0 | |a hodnotenie práce |
| 610 | 2 | 0 | |a organizácie ekonomické medzinárodné |
| 610 | 2 | 0 | |a metodika |
| 610 | 2 | 0 | |a Slovensko |
| 610 | 2 | 0 | |a Česko |
| 100 | 1 | |a Šúbertová, Elena | |